000
00328nam a2200145Ia 4500
008
230917s9999||||xx |||||||||||||| ||und||
040
_e
144040
_a
MAIN
041
_a
English
082
_a
361 M691S
100
_a
Mishra, Daya Krishan
245
0
_a
Samajik prashasan
260
_a
New Delhi
300
_a
339 p.
942
_c
BK
999
_c
228098
_d
228098